| 000 | 00526nam a22001817a 4500 | ||
|---|---|---|---|
| 005 | 20230216021046.0 | ||
| 008 | 230216b |||||||| |||| 00| 0 eng d | ||
| 020 | _a978-1-84078-820-4 | ||
| 082 | _a005.5 P931 2018 | ||
| 100 |
_aPrice, Michael _eauthor |
||
| 245 |
_aOffice 2019: _bin easy steps / _cMichael Price |
||
| 260 |
_aUnited Kingdom: _bEasy Steps Limited, _cc2018 |
||
| 300 |
_a240p.: _bcol. ill. |
||
| 504 | _aIncludes index | ||
| 541 | _e6362 | ||
| 650 | _aMicrosoft office | ||
| 650 | _aBusiness - Computer programs | ||
| 999 |
_c1146 _d1146 |
||